000 00472nam a22001937a 4500
003 OSt
005 20160316115124.0
008 160316b xxu||||| |||| 00| 0 eng d
010 _a9819950
020 _a0801330254
040 _cN/A
050 _aP94
_b .G67 1998
100 _aGordon A.David; Kittros John Michael
245 _aControversies in media ethics
250 _a2nd ed.
260 _aNew York
_bLongman
_cc1998
300 _axvii,316p
942 _2lcc
_cBK
999 _c252983
_d252982